| 000 | 00543pam a2200181 i 4500 | ||
|---|---|---|---|
| 020 | _a0716710471 | ||
| 040 | _cDLC | ||
| 082 | 0 | 0 | _a512 FRE 1979 A032 Or. |
| 100 | A | _aJacobs, Harold R. | |
| 245 | 1 | 0 | _aElementary algebra / |
| 260 |
_aSan Francisco : _bW. H. Freeman, _cc1979. |
||
| 300 |
_ax, 876 p. : _bill. ; _c24 cm. |
||
| 500 | _aIncludes index. | ||
| 650 | 0 | _aAlgebra. | |
| 856 | 4 | 2 | _uhttp://www.loc.gov/catdir/enhancements/fy0912/78010744-d.html |
| 856 | 4 | 1 | _uhttp://www.loc.gov/catdir/enhancements/fy0912/78010744-t.html |
| 942 | _cEK | ||
| 999 |
_c11834 _d11834 |
||